| 000 | 00540nam a2200205Ii 4500 | ||
|---|---|---|---|
| 003 | JO-AjNU | ||
| 008 | 230606s9999||||xx |||||||||||||| ||und|| | ||
| 020 | _a81-8281-084-1 | ||
| 040 |
_aJO-AjNU _beng _erda _cJO-AjNU |
||
| 041 | _aeng | ||
| 050 | 1 | 4 | _aQA551.2007 |
| 100 | 3 |
_aMittal,p,k, _eauthor _9230 |
|
| 245 | 0 | 0 | _aAnalytical Geometry |
| 264 | 3 | 1 | _aVRINDA,2007 |
| 300 | _a448p | ||
| 336 |
_atext _btxt _2rdacontent |
||
| 337 |
_aunmediated _bn _2rdamedia |
||
| 338 |
_avolume _bnc _2rdacarrier |
||
| 650 | 4 |
_a Geometry, Analytic. _9231 |
|
| 999 |
_aE121 _c121 _d121 |
||